[Event "Tenerife-chT Primera 1718"]
[Site "Tenerife"]
[Date "2018.01.20"]
[Round "7.2"]
[White "Cova, Ennio"]
[Black "Sala Marin, Antonio Javier"]
[Result "1-0"]
[WhiteElo "1656"]
[BlackElo "1727"]
[PlyCount "105"]
[EventDate "2017.11.11"]
[EventType "team-tourn"]
[EventRounds "14"]
[EventCountry "ESP"]
[SourceTitle "CBM 187 Extra"]
[Source "ChessBase"]
[SourceDate "2018.11.04"]
[SourceVersion "1"]
[SourceVersionDate "2018.11.04"]
[SourceQuality "1"]
[WhiteTeam "Playa San Juan III"]
[BlackTeam "Laguna Cotelec III"]
[WhiteTeamCountry "ESP"]
[BlackTeamCountry "ESP"]

1. e4 c5 2. Nf3 Nc6 3. d4 cxd4 4. Nxd4 d6 5. Nc3 Nf6 6. Be2 g6 7. Be3 Bg7 8. f3 0-0 9. Qd2 Bd7 10. 0-0-0 Rc8 11. Kb1 a6 12. h4 b5 13. Nxc6 Rxc6 14. g4 Rxc3 15. bxc3 Qa5 16. c4 b4 17. Bh6 Rb8 18. Bxg7 Kxg7 19. h5 g5 20. h6+ Kg8 21. Qd4 Ba4 22. Qb2 Ne8 23. Rd5 Bxc2+ 24. Kxc2 Qa4+ 25. Kb1 f6 26. c5 b3 27. a3 Kf7 28. cxd6 Nxd6 29. Rd4 Qa5 30. Rd5 Qa4 31. Rd4 Qa5 32. Bc4+ Kg6 33. Bd3 Kf7 34. Rc1 Rb6 35. Rd5 Qa4 36. e5 Nb7 37. exf6 Rxf6 38. Rf5 Nd6 39. Rxf6+ exf6 40. Rc7+ Ke6 41. Ra7 a5 42. Ra6 Ke7 43. Ra7+ Ke6 44. Bxh7 Nb5 45. Bg8+ Kd6 46. Qxf6+ Kc5 47. Qxg5+ Kb6 48. Qe3+ Kc6 49. Ra6+ Kd7 50. Qe6+ Kc7 51. Qc6+ Kd8 52. Ra8+ Ke7 53. Qe6# 1-0

[Event "Santa Cruz de Tenerife Verano op"]
[Site "Santa Cruz de Tenerife"]
[Date "2017.08.30"]
[Round "9"]
[White "Martinez Rojas, Carlos Jose"]
[Black "Sala Marin, Antonio Javier"]
[Result "1/2-1/2"]
[WhiteElo "1979"]
[BlackElo "1683"]
[PlyCount "106"]
[EventDate "2017.08.02"]
[EventType "swiss"]
[EventRounds "9"]
[EventCountry "ESP"]
[SourceTitle "EXT 2018"]
[Source "ChessBase"]
[SourceDate "2017.10.13"]
[SourceVersion "1"]
[SourceVersionDate "2017.10.13"]
[SourceQuality "1"]

1. d4 d5 2. e4 dxe4 3. Nc3 Nf6 4. Bg5 Nbd7 5. f3 e3 6. Bc4 h6 7. Bxe3 e6 8. Qe2 Bb4 9. Nh3 Nb6 10. Bd3 Nbd5 11. Bd2 c6 12. 0-0 Nxc3 13. bxc3 Be7 14. Nf2 b5 15. Ng4 a5 16. Ne5 Bb7 17. Bxb5 0-0 18. Nxc6 Bxc6 19. Bxc6 Rc8 20. Be4 Qd6 21. Qe1 Rfd8 22. Qg3 Nxe4 23. fxe4 Qxg3 24. hxg3 Rc4 25. e5 Rdc8 26. Rf3 Bg5 27. Bxg5 hxg5 28. Kf2 Rxc3 29. Rxc3 Rxc3 30. Rf1 g4 31. Ke2 f5 32. exf6 gxf6 33. Kd2 Rxg3 34. c4 Rxg2+ 35. Ke3 Rxa2 36. c5 Rb2 37. c6 Rb8 38. d5 exd5 39. Kd4 Kf7 40. Kxd5 Ke7 41. Re1+ Kf7 42. c7 Rc8 43. Kd6 f5 44. Kd7 Ra8 45. Re6 Ra7 46. Rc6 g3 47. Rc3 Kf6 48. Rxg3 f4 49. Ra3 Rxc7+ 50. Kxc7 Ke5 51. Rxa5+ Ke4 52. Kd6 f3 53. Ra2 Ke3 1/2-1/2

[Event "Santa Cruz de Tenerife Verano op"]
[Site "Santa Cruz de Tenerife"]
[Date "2017.08.23"]
[Round "7"]
[White "Gil Ojeda, Jorge"]
[Black "Sala Marin, Antonio Javier"]
[Result "1-0"]
[WhiteElo "1936"]
[BlackElo "1683"]
[PlyCount "111"]
[EventDate "2017.08.02"]
[EventType "swiss"]
[EventRounds "9"]
[EventCountry "ESP"]
[SourceTitle "EXT 2018"]
[Source "ChessBase"]
[SourceDate "2017.10.13"]
[SourceVersion "1"]
[SourceVersionDate "2017.10.13"]
[SourceQuality "1"]

1. e4 c5 2. Nf3 Nc6 3. d4 cxd4 4. Nxd4 d6 5. Nc3 Nf6 6. Bg5 Qb6 7. Nb3 g6 8. Bxf6 exf6 9. Nd5 Qd8 10. Qd2 Bg7 11. 0-0-0 h5 12. Kb1 f5 13. Bd3 fxe4 14. Bxe4 0-0 15. f4 Bg4 16. Rde1 Rc8 17. h3 Be6 18. g4 h4 19. f5 Bxd5 20. Bxd5 Qf6 21. c3 g5 22. Rh2 a5 23. a4 Qd8 24. Rhe2 Be5 25. Nd4 Nxd4 26. cxd4 Bf6 27. Re3 Qb6 28. Rd1 Qa7 29. Rb3 b6 30. Rc1 Kg7 31. Bc6 Qe7 32. Rxb6 Rxc6 33. Rcxc6 Qe4+ 34. Ka1 Qh1+ 35. Ka2 Qd5+ 36. b3 Rd8 37. Rc2 Qe4 38. Rbc6 Qf3 39. R6c3 Qh1 40. Rd3 Re8 41. Rc1 Qd5 42. Re1 Rb8 43. Qe2 Rb4 44. Qe4 Rxa4+ 45. Kb1 Qb5 46. Ree3 Rb4 47. Rf3 a4 48. Qe3 Bxd4 49. Qxg5+ Kf8 50. Qd8+ Kg7 51. f6+ Kh7 52. Qe7 Qd5 53. Qe1 Rxb3+ 54. Rxb3 axb3 55. Rf5 Qa8 56. Qxh4+ 1-0

[Event "Santa Cruz de Tenerife Verano op"]
[Site "Santa Cruz de Tenerife"]
[Date "2017.08.04"]
[Round "2"]
[White "Sala Marin, Antonio Javier"]
[Black "Aguirre Lorenzo, Luis Francisco"]
[Result "1/2-1/2"]
[WhiteElo "1683"]
[BlackElo "1983"]
[PlyCount "59"]
[EventDate "2017.08.02"]
[EventType "swiss"]
[EventRounds "9"]
[EventCountry "ESP"]
[SourceTitle "EXT 2018"]
[Source "ChessBase"]
[SourceDate "2017.10.13"]
[SourceVersion "1"]
[SourceVersionDate "2017.10.13"]
[SourceQuality "1"]

1. d4 Nf6 2. Nf3 d5 3. e3 e6 4. Bd3 c5 5. c3 Nbd7 6. 0-0 b6 7. Nbd2 Bb7 8. Qe2 Be7 9. e4 dxe4 10. Nxe4 cxd4 11. Nxd4 Nxe4 12. Bxe4 Bxe4 13. Qxe4 0-0 14. Nc6 Nf6 15. Qf3 Qe8 16. Bg5 Nd5 17. Nxe7+ Nxe7 18. Bxe7 Qxe7 19. Rfd1 Rfd8 20. c4 h6 21. h3 Rxd1+ 22. Rxd1 Rd8 23. a3 Qf6 24. b4 Rxd1+ 25. Qxd1 Qc3 26. Qa4 Qe1+ 27. Kh2 Qxf2 28. Qxa7 Qf4+ 29. Kh1 Qf1+ 30. Kh2 1/2-1/2